Normal view
MARC view
- Marie-Alice Harel
Entry Personal Name
001 - CONTROL NUMBER
- control field: 87301
003 - CONTROL NUMBER IDENTIFIER
- control field: OSt
005 - DATE AND TIME OF LATEST TRANSACTION
- control field: 20260324103356.0
008 - FIXED-LENGTH DATA ELEMENTS
- fixed length control field: 260324|| aca||aabn | a|a d
040 ## - CATALOGING SOURCE
- Original cataloging agency: OSt
- Transcribing agency: OSt
100 ## - HEADING--PERSONAL NAME
- Personal name: Marie-Alice Harel
670 ## - SOURCE DATA FOUND
- Source citation: Work cat.: (OSt)50290: Rundell, Katherine, author. 87282, Rooftoppers /, 2020.